| 000 | 00358 a2200169 4500 | ||
|---|---|---|---|
| 001 | 183558 | ||
| 020 | _a85-08-9776-X | ||
| 040 | _cMagnum | ||
| 100 | _aScliar, Moacyr | ||
| 240 | 1 | 0 |
_aNo caminho dos sonhos _lpor |
| 245 | 1 | 0 | _aNo caminho dos sonhos |
| 300 | _a118 | ||
| 362 | 0 | _a2005 | |
| 440 | 1 | _aÁtica | |
| 697 | _aLITERATURA JUVENIL | ||
| 942 | _cBK | ||
| 999 |
_c183558 _d183558 |
||